000 00366 a2200109 4500
001 ART_28067
005 20260410161951.0
008 260409a
245 1 0 _aProduct differentiation and market power in the California gasoline market
100 1 _aColoma, Germán
773 0 _tJournal of applied economics
_g- Vol. 2, Nº 1 (mayo 1999)
_wREV28044
999 _c30351
_d30351